000 00618 a2200181 4500
999 _c2584
_d2584
020 _a9780073530260 (alk. paper)
020 _a0073530263 (alk. paper)
050 0 0 _aHF 5549 CAS 2010
100 1 _aCascio, Wayne F.
_eauthor
245 1 0 _aManaging human resources :
_bproductivity, quality of work life, profits /
_cWayne F. Cascio.
250 _a8th ed.
264 _aBoston :
_bMcGraw-Hill/Irwin,
_c2010
300 _axxxi, 719 p. :
_bill. (some col.).
500 _aincludes indexes
504 _aIncludes bibliographical references.
650 0 _aPersonnel management.
942 _2lcc
_cBK
_e8th ed.
_h5549
_iCAS
_kHF